000 00832nam a2200229 a 4500
001 76777
003 BD-RjUL
005 20211209082902.0
008 200119s1970 pk ||||| |||| 00| 0 ben d
020 _c: Tk.1.50
035 _a(BD-RjUL)77001
040 _aBD-RjUL
_bben/eng
_cBD-RjUL
_dBD-RjUL
041 _aeng/ben
082 _223
_a403
_bRAB 1970
100 1 _aরশিদ, হাবিবুর
_9237874
245 1 0 _aভাষা ও সাহিত্য পরিভাষা-কোষ /
_cহাবিবুর রশিদ
260 _aঢাকা :
_bকেন্দ্রীয় বাংলা একাডেমী,
_c১৯৭০
300 _a[৪],৫৪ পৃ. ;
_c২৩ সেমি.
650 _aভাষা
_vঅভিধান
_9137768
650 _aLanguage
_vDictionaries
_9137769
942 _2ddc
_cREF
999 _c76777
_d76777